|
|
|
|
| LEADER |
00000cas a2200000Ia 4500 |
| 001 |
vtls008689362 |
| 003 |
SK-MaSNL |
| 005 |
20260228155912.0 |
| 008 |
141118d20012011xo qr|p 0 b0slo c |
| 022 |
|
|
|a 1336-1805
|
| 035 |
|
|
|a (SVKBB03)vtls000061881
|
| 040 |
|
|
|a SVKPO
|b slo
|c SVKPO
|d SNK
|d SVKBB
|d SAVUK
|e AACR2
|
| 041 |
0 |
|
|a slo
|
| 044 |
|
|
|a xo
|c SK
|
| 072 |
|
7 |
|a 004
|x Počítačová veda. Výpočtová technika. Informačné technológie
|2 konspekt
|
| 072 |
|
7 |
|a 33
|x Ekonómia
|2 konspekt
|
| 080 |
|
|
|a 33
|2 2001
|
| 080 |
|
|
|a 004.7
|2 2001
|
| 080 |
|
|
|a 050
|2 2001
|
| 210 |
0 |
|
|a e Focus
|b (Tlačené vyd.)
|
| 222 |
|
0 |
|a e Focus
|b (Tlačené vydanie)
|
| 245 |
0 |
0 |
|a eFocus
|b špecializovaný časopis o znalostnej ekonomike a informačných technológiách
|
| 246 |
1 |
0 |
|a Znalostná ekonomika a technológie
|
| 247 |
0 |
1 |
|a eFocus
|b špecializovaný magazín o digitálnej ekonomike a informačných technológiách
|f 2001-2005
|
| 260 |
|
|
|a Svätý Jur
|b Digit
|c 2001-2011
|
| 300 |
|
|
|a 11 zv.
|c 30 cm
|
| 310 |
|
|
|a 2x ročne
|b 2011
|
| 321 |
|
|
|a 3x ročne
|b 2001-2002
|
| 321 |
|
|
|a 4x ročne
|b 2003-2010
|
| 362 |
0 |
|
|a Roč. 1, č. 1 (2001)-roč. 11, č. 1-2 (2011)
|
| 500 |
|
|
|a Šéfredaktor: (2001-2011), Jozef Šupšák
|
| 500 |
|
|
|a Registračné č. MK SR: 2401/2000
|
| 500 |
|
|
|a Evidenčné č.: 3942/09
|
| 530 |
|
|
|a Online vydanie: eFocus (Online), ISSN 1337-9801
|
| 650 |
0 |
7 |
|a ekonomika
|2 SNKPH
|9 789
|
| 650 |
0 |
7 |
|a informačné technológie
|2 SNKPH
|9 1527
|
| 650 |
0 |
7 |
|a digitálna ekonomika
|2 SNKPH
|9 124811
|
| 655 |
|
7 |
|a odborné časopisy
|2 SNKPH
|9 70505
|
| 700 |
1 |
|
|a Šupšák, Jozef
|4 pbd
|9 265564
|
| 852 |
|
|
|a Štátna vedecká knižnica v Banskej Bystrici
|
| 856 |
4 |
1 |
|u www.efocus.sk
|
| 910 |
|
|
|a svkpo
|
| 910 |
|
|
|a savuk
|
| 910 |
|
|
|a snk
|
| 916 |
|
|
|a 2001-2011
|
| 999 |
|
|
|c 849
|d 849
|
| 952 |
|
|
|0 0
|1 0
|4 0
|7 0
|8 0
|a SNK
|b SNK
|d 2014-11-19
|f 1
|i snk2014/25556
|l 0
|o snkČSB 5939/4/2004
|p 17A1089511
|r 2026-02-21 20:32:58
|t č. 1-4
|w 2026-02-21
|y PREZ
|
| 952 |
|
|
|0 0
|1 0
|4 0
|7 0
|8 0
|a SNK
|b SNK
|d 2014-11-19
|i snk2014/25557
|l 0
|o snkČSB 5939/4/2004 D1
|p 17A1089512
|r 2026-02-21 20:32:58
|t č. 1-4
|w 2026-02-21
|y PREZ
|
| 952 |
|
|
|0 0
|1 0
|4 0
|7 0
|8 0
|a SNK
|b SNK
|d 2014-11-19
|f 1
|i snk2014/25558
|l 0
|o snkČSB 5939/5/2005
|p 17A1089513
|r 2026-02-21 20:32:58
|t č. 1-4
|w 2026-02-21
|y PREZ
|
| 952 |
|
|
|0 0
|1 0
|4 0
|7 0
|8 0
|a SNK
|b SNK
|d 2014-11-19
|f 1
|i snk2014/25521
|l 0
|o snkČSB 5939/1/2001
|p 17A1089505
|r 2026-02-21 20:33:00
|t č. 1-3
|w 2026-02-21
|y PREZ
|
| 952 |
|
|
|0 0
|1 0
|4 0
|7 0
|8 0
|a SNK
|b SNK
|d 2014-11-19
|i snk2014/25527
|l 0
|o snkČSB 5939/1/2001 D1
|p 17A1089506
|r 2026-02-21 20:33:00
|t č. 1-3
|w 2026-02-21
|y PREZ
|
| 952 |
|
|
|0 0
|1 0
|4 0
|7 0
|8 0
|a SNK
|b SNK
|d 2014-11-19
|f 1
|i snk2014/25528
|l 0
|o snkČSB 5939/2/2002
|p 17A1089507
|r 2026-02-21 20:33:01
|t č. 1-3
|w 2026-02-21
|y PREZ
|
| 952 |
|
|
|0 0
|1 0
|4 0
|7 0
|8 0
|a SNK
|b SNK
|d 2014-11-19
|i snk2014/25531
|l 0
|o snkČSB 5939/2/2002 D1
|p 17A1089508
|r 2026-02-21 20:33:01
|t č. 1-3
|w 2026-02-21
|y PREZ
|
| 952 |
|
|
|0 0
|1 0
|4 0
|7 0
|8 0
|a SNK
|b SNK
|d 2014-11-19
|f 1
|i snk2014/25532
|l 0
|o snkČSB 5939/3/2003
|p 17A1089509
|r 2026-02-21 20:33:01
|t č. 1-4
|w 2026-02-21
|y PREZ
|
| 952 |
|
|
|0 0
|1 0
|4 0
|7 0
|8 0
|a SNK
|b SNK
|d 2014-11-20
|i snk2014/25647
|l 0
|o snkČSB 5939/11/2011 D1
|p 17A1089526
|r 2026-02-21 20:33:01
|t č. 1-2
|w 2026-02-21
|y PREZ
|
| 952 |
|
|
|0 0
|1 0
|4 0
|7 0
|8 0
|a SNK
|b SNK
|d 2014-11-19
|i snk2014/25584
|l 0
|o snkČSB 5939/5/2005 D1
|p 17A1089514
|r 2026-02-21 20:33:03
|t č. 1-4
|w 2026-02-21
|y PREZ
|
| 952 |
|
|
|0 0
|1 0
|4 0
|7 0
|8 0
|a SNK
|b SNK
|d 2014-11-20
|f 1
|i snk2014/25646
|l 0
|o snkČSB 5939/11/2011
|p 17A1089525
|r 2026-02-21 21:00:44
|t č. 1-2
|w 2026-02-21
|y PREZ
|
| 952 |
|
|
|0 0
|1 0
|4 0
|7 0
|8 0
|a SNK
|b SNK
|d 2014-11-20
|f 1
|i snk2014/25642
|l 0
|o snkČSB 5939/9/2009
|p 17A1089521
|r 2026-02-21 21:00:48
|t č. 1-4 + špec.
|w 2026-02-21
|y PREZ
|
| 952 |
|
|
|0 0
|1 0
|4 0
|7 0
|8 0
|a SNK
|b SNK
|d 2014-11-20
|i snk2014/25643
|l 0
|o snkČSB 5939/9/2009 D1
|p 17A1089522
|r 2026-02-21 21:00:49
|t č. 1-4 + špec.
|w 2026-02-21
|y PREZ
|
| 952 |
|
|
|0 0
|1 0
|4 0
|7 0
|8 0
|a SNK
|b SNK
|d 2014-11-20
|f 1
|i snk2014/25644
|l 0
|o snkČSB 5939/10/2010
|p 17A1089523
|r 2026-02-21 21:00:49
|t č. 1-4
|w 2026-02-21
|y PREZ
|
| 952 |
|
|
|0 0
|1 0
|4 0
|7 0
|8 0
|a SNK
|b SNK
|d 2014-11-20
|i snk2014/25645
|l 0
|o snkČSB 5939/10/2010 D1
|p 17A1089524
|r 2026-02-21 21:00:49
|t č. 1-4
|w 2026-02-21
|y PREZ
|
| 952 |
|
|
|0 0
|1 0
|4 0
|7 0
|8 0
|a SNK
|b SNK
|d 2014-11-19
|i snk2014/25551
|l 0
|o snkČSB 5939/3/2003 D1
|p 17A1089510
|r 2026-02-21 21:11:34
|t č. 1-4
|w 2026-02-21
|y PREZ
|
| 952 |
|
|
|0 0
|1 0
|4 0
|7 0
|8 0
|a SNK
|b SNK
|d 2014-11-20
|i snk2014/25637
|l 0
|o snkČSB 5939/6/2006 D1
|p 17A1089516
|r 2026-02-21 21:11:43
|t č. 1-4
|w 2026-02-21
|y PREZ
|
| 952 |
|
|
|0 0
|1 0
|4 0
|7 0
|8 0
|a SNK
|b SNK
|d 2014-11-20
|f 1
|i snk2014/25636
|l 0
|o snkČSB 5939/6/2006
|p 17A1089515
|r 2026-02-21 21:11:43
|t č. 1-4
|w 2026-02-21
|y PREZ
|
| 952 |
|
|
|0 0
|1 0
|4 0
|7 0
|8 0
|a SNK
|b SNK
|d 2014-11-20
|f 1
|i snk2014/25638
|l 0
|o snkČSB 5939/7/2007
|p 17A1089517
|r 2026-02-21 21:14:12
|t č. 1-4
|w 2026-02-21
|y PREZ
|
| 952 |
|
|
|0 0
|1 0
|4 0
|7 0
|8 0
|a SNK
|b SNK
|d 2014-11-20
|i snk2014/25639
|l 0
|o snkČSB 5939/7/2007 D1
|p 17A1089518
|r 2026-02-21 21:14:12
|t č. 1-4
|w 2026-02-21
|y PREZ
|
| 952 |
|
|
|0 0
|1 0
|4 0
|7 0
|8 0
|a SNK
|b SNK
|d 2014-11-20
|f 1
|i snk2014/25640
|l 0
|o snkČSB 5939/8/2008
|p 17A1089519
|r 2026-02-21 21:14:12
|t č. 1-4
|w 2026-02-21
|y PREZ
|
| 952 |
|
|
|0 0
|1 0
|4 0
|7 0
|8 0
|a SNK
|b SNK
|d 2014-11-20
|i snk2014/25641
|l 0
|o snkČSB 5939/8/2008 D1
|p 17A1089520
|r 2026-02-21 21:14:12
|t č. 1-4
|w 2026-02-21
|y PREZ
|